[Event "IND-ch U15 Girls 39th"]
[Site "Jalgaon"]
[Date "2023.12.31"]
[Round "7"]
[White "Sherali, Pattnaik"]
[Black "Arya, G Mallar"]
[Result "1-0"]
[WhiteElo "1575"]
[BlackElo "1460"]
[PlyCount "127"]
[EventDate "2023.12.27"]
[EventType "swiss"]
[EventRounds "11"]
[EventCountry "IND"]
[SourceTitle "CB02_2024"]
[SourceDate "2024.01.10"]
[SourceVersion "1"]
[SourceVersionDate "2024.01.10"]
[SourceQuality "1"]

1. e4 e6 2. d4 d5 3. Nd2 Nf6 4. e5 Nfd7 5. Bd3 c5 6. c3 Nc6 7. Ne2 cxd4 8. cxd4 f6 9. exf6 Nxf6 10. 0-0 Bd6 11. Nf3 Qc7 12. Re1 0-0 13. Nc3 a6 14. Bc2 g6 15. Bh6 Re8 16. Bg5 Rf8 17. Bh6 Re8 18. h3 Bd7 19. Qd2 Nh5 20. Rac1 Bf4 21. Bxf4 Qxf4 22. Qxf4 Nxf4 23. Na4 Nb4 24. Nb6 Rad8 25. Ne5 Bb5 26. a3 Nbd3 27. Bxd3 Bxd3 28. Rc7 Rf8 29. Re3 Bb5 30. a4 Ne2+ 31. Kh2 Nxd4 32. axb5 Rxf2 33. Rxb7 Nxb5 34. Nc6 Rdf8 35. Rxe6 Rxb2 36. Ree7 Rff2 37. Re8+ Rf8 38. Rxf8+ Kxf8 39. Nxd5 Rd2 40. Ndb4 a5 41. Rxb5 axb4 42. Rxb4 Rd7 43. Rb8+ Kg7 44. Kg3 h5 45. Ne5 Re7 46. Kf4 g5+ 47. Kf5 g4 48. hxg4 hxg4 49. Nxg4 Re2 50. Rb7+ Kf8 51. g3 Rg2 52. Kf4 Ra2 53. Nf6 Rf2+ 54. Kg5 Rh2 55. Nh5 Ra2 56. Rb6 Ra7 57. g4 Rc7 58. Kh6 Rc8 59. g5 Kg8 60. g6 Rf8 61. g7 Rf6+ 62. Nxf6+ Kf7 63. g8Q+ Ke7 64. Qe8# 1-0

[Event "IND-ch U19 Girls"]
[Site "Ahmedabad"]
[Date "2023.09.21"]
[Round "2"]
[White "Arya, G Mallar"]
[Black "Anishka, Vikram"]
[Result "0-1"]
[WhiteElo "1483"]
[BlackElo "1773"]
[PlyCount "100"]
[EventDate "2023.09.20"]
[EventType "swiss"]
[EventRounds "11"]
[EventCountry "IND"]
[SourceTitle "EXT 2024"]
[Source "ChessBase"]
[SourceDate "2023.10.10"]
[SourceVersion "1"]
[SourceVersionDate "2023.10.10"]
[SourceQuality "1"]

1. d4 d5 2. Nf3 Nf6 3. Bf4 e6 4. e3 Bd6 5. Ne5 0-0 6. Nd2 c5 7. c3 Nc6 8. Bd3 Qc7 9. Ndf3 b6 10. h4 a5 11. h5 Ba6 12. h6 g6 13. a4 Bxd3 14. Qxd3 c4 15. Qc2 Nd8 16. Ng5 Qe7 17. f3 Ne8 18. g4 Bxe5 19. dxe5 Nc6 20. Nh3 f6 21. exf6 Qxf6 22. Qd2 Ne5 23. 0-0-0 Nd3+ 24. Kb1 e5 25. Bg5 Qxf3 26. Rdf1 Qxf1+ 27. Rxf1 Rxf1+ 28. Ka2 Nc7 29. Qg2 Re1 30. Bh4 Rd1 31. Qc2 Rc1 32. Qg2 Rf8 33. Nf2 Rc2 34. Qh2 Ne6 35. Qg2 Nc7 36. Qh2 Ne8 37. Qg2 e4 38. Qh2 Rxb2+ 39. Ka1 Re2 40. Qb8 Nxf2 41. Qe5 Re1+ 42. Ka2 Re2+ 43. Ka1 Nd3 44. Qxd5+ Rf7 45. Qxc4 Kf8 46. Be7+ Kxe7 47. Qxe4+ Kf8 48. Qxd3 Rf1+ 49. Qb1 Rxb1+ 50. Kxb1 Ke7 0-1

[Event "Asia-ch Blitz U20 Girls"]
[Site "Jamshedpur"]
[Date "2023.09.15"]
[Round "7"]
[White "Arya, G Mallar"]
[Black "Poorvi, Rajpoot"]
[Result "1-0"]
[WhiteElo "1411"]
[BlackElo "1429"]
[PlyCount "57"]
[EventDate "2023.09.15"]
[EventType "swiss (blitz)"]
[EventRounds "9"]
[EventCountry "IND"]
[SourceTitle "EXT 2024"]
[Source "ChessBase"]
[SourceDate "2023.10.10"]
[SourceVersion "1"]
[SourceVersionDate "2023.10.10"]
[SourceQuality "1"]

1. d4 d5 2. Nf3 Nf6 3. Bf4 e6 4. e3 Bd6 5. Ne5 c5 6. Bb5+ Ke7 7. c4 dxc4 8. Bxc4 cxd4 9. exd4 Nc6 10. Nxc6+ bxc6 11. Bg3 Rb8 12. Qd2 Re8 13. Nc3 Kf8 14. 0-0 Kg8 15. Rac1 Bxg3 16. hxg3 Nd5 17. Ne4 Qb6 18. Bb3 a5 19. Rc2 Ba6 20. Rfc1 Nb4 21. Rc5 f5 22. Nd6 Red8 23. Bxe6+ Kh8 24. Nf7+ Kg8 25. Nxd8+ Kh8 26. Nf7+ Kg8 27. Qg5 Bd3 28. Ne5+ Kh8 29. Ng6+ 1-0

[Event "Asia-ch Blitz U20 Girls"]
[Site "Jamshedpur"]
[Date "2023.09.15"]
[Round "6"]
[White "Wadifa, Ahmed"]
[Black "Arya, G Mallar"]
[Result "1-0"]
[WhiteElo "1660"]
[BlackElo "1411"]
[PlyCount "90"]
[EventDate "2023.09.15"]
[EventType "swiss (blitz)"]
[EventRounds "9"]
[EventCountry "IND"]
[SourceTitle "EXT 2024"]
[Source "ChessBase"]
[SourceDate "2023.10.10"]
[SourceVersion "1"]
[SourceVersionDate "2023.10.10"]
[SourceQuality "1"]

1. e4 e6 2. d4 d5 3. exd5 exd5 4. Bd3 Bd6 5. Nf3 Bg4 6. h3 Bh5 7. 0-0 Nc6 8. Re1+ Nge7 9. c3 Qd7 10. Nbd2 0-0-0 11. Nf1 Bg6 12. b4 Bxd3 13. Qxd3 Ng6 14. b5 Nce7 15. a4 Nf4 16. Bxf4 Bxf4 17. a5 Qf5 18. Qxf5+ Nxf5 19. Ne5 Nd6 20. b6 cxb6 21. axb6 a6 22. Ra5 Bxe5 23. Rc5+ Kb8 24. Rxe5 Nc4 25. Re7 Rc8 26. Rxd5 Nxb6 27. Rd6 Rc6 28. Rxc6 bxc6 29. Rxf7 a5 30. Ne3 a4 31. Nc2 Nc4 32. Nb4 Rc8 33. Rxg7 a3 34. Kf1 Ka8 35. Ke2 Na5 36. Kd2 Rb8 37. Kc2 Nc4 38. Kb3 Na5+ 39. Kxa3 Nc4+ 40. Kb3 Na5+ 41. Kc2 Rc8 42. f4 Rf8 43. g3 h5 44. h4 Rf5 45. Rg5 Rxg5 1-0

[Event "Asia-ch U20 Girls"]
[Site "Jamshedpur"]
[Date "2023.09.10"]
[Round "2"]
[White "Prachi, Yadav"]
[Black "Arya, G Mallar"]
[Result "0-1"]
[WhiteElo "1118"]
[BlackElo "1483"]
[PlyCount "110"]
[EventDate "2023.09.09"]
[EventType "swiss"]
[EventRounds "9"]
[EventCountry "IND"]
[SourceTitle "EXT 2024"]
[Source "ChessBase"]
[SourceDate "2023.10.10"]
[SourceVersion "1"]
[SourceVersionDate "2023.10.10"]
[SourceQuality "1"]

1. e4 e6 2. d4 d5 3. Nc3 Nf6 4. e5 Nfd7 5. f4 c5 6. Nf3 Nc6 7. Be3 Qb6 8. Na4 Qa5+ 9. c3 b6 10. Qc2 cxd4 11. b4 Bxb4 12. Nxd4 Nxd4 13. Bxd4 Be7 14. Bd3 Ba6 15. Nb2 Bxd3 16. Nxd3 Nc5 17. 0-0 0-0 18. Rf3 f6 19. exf6 Bxf6 20. Ne5 Rac8 21. Rh3 Ne4 22. Re1 Bxe5 23. Bxe5 Qc5+ 24. Ree3 Rf5 25. Qe2 Rcf8 26. g4 Rxf4 27. Bxf4 Rxf4 28. Qg2 Nxc3 29. Kh1 Ne4 30. Ref3 Nf2+ 31. Qxf2 Qxf2 32. Rxf2 Rxf2 33. a3 e5 34. Re3 e4 35. Kg1 Rf3 36. Rxf3 exf3 37. Kf2 Kf7 38. Kxf3 b5 39. Ke3 Ke6 40. Kd4 Kd6 41. g5 a5 42. h3 b4 43. a4 Kc6 44. h4 g6 45. Kd3 Kc5 46. Kd2 Kc4 47. Kc2 b3+ 48. Kb2 d4 49. Kb1 d3 50. Kc1 Kc3 51. h5 b2+ 52. Kb1 d2 53. hxg6 d1Q+ 54. Ka2 b1Q+ 55. Ka3 Qdb3# 0-1

[Event "Asia-ch Rapid U20 Girls"]
[Site "Jamshedpur"]
[Date "2023.09.08"]
[Round "8"]
[White "Arya, G Mallar"]
[Black "Dakshita, Kumawat"]
[Result "0-1"]
[WhiteElo "1375"]
[BlackElo "1561"]
[PlyCount "130"]
[EventDate "2023.09.08"]
[EventType "swiss (rapid)"]
[EventRounds "9"]
[EventCountry "IND"]
[SourceTitle "EXT 2024"]
[Source "ChessBase"]
[SourceDate "2023.10.10"]
[SourceVersion "1"]
[SourceVersionDate "2023.10.10"]
[SourceQuality "1"]

1. d4 d5 2. Nf3 c5 3. dxc5 e6 4. Bf4 Bxc5 5. e3 Nf6 6. c3 Nc6 7. Bd3 0-0 8. 0-0 Re8 9. Ne5 Nxe5 10. Bxe5 Bd6 11. Bxd6 Qxd6 12. Nd2 e5 13. e4 Bg4 14. Qc2 Rad8 15. Bb5 Re7 16. Rfe1 Bh5 17. Kh1 Bg6 18. f3 Qb6 19. Bd3 Red7 20. Rad1 Qf2 21. Re2 Qh4 22. exd5 Bxd3 23. Qxd3 Rxd5 24. Qe3 Nh5 25. Rde1 Ng3+ 26. Kg1 Nxe2+ 27. Rxe2 Qa4 28. Ne4 Rd1+ 29. Kf2 Qxa2 30. Qg5 Qe6 31. Nc5 Qf6 32. Qg4 b6 33. Ne4 Qh6 34. h3 Qg6 35. Qh4 f5 36. Ng3 R1d2 37. Qe7 f4 38. Ne4 Rxe2+ 39. Kxe2 Qxg2+ 40. Nf2 Rf8 41. Qe6+ Kh8 42. Qxe5 Qg6 43. Ne4 h6 44. Kf2 a5 45. Qe7 Re8 46. Qc7 a4 47. Qxf4 Qc6 48. Qf7 b5 49. Qh5 Rf8 50. Qg4 Qb6+ 51. Kg2 Qe3 52. Qh5 Qe2+ 53. Kg3 Qxb2 54. Qg6 Qa3 55. Nd6 Qb3 56. Nf5 Qf7 57. Qxf7 Rxf7 58. Nd6 Rc7 59. Nxb5 Rc5 60. Na3 Rxc3 61. Nb5 Rb3 62. Nd4 Rd3 63. Nb5 a3 64. Nxa3 Rxa3 65. Kg4 Kh7 0-1

[Event "Asia-ch Rapid U20 Girls"]
[Site "Jamshedpur"]
[Date "2023.09.08"]
[Round "7"]
[White "Arya, G Mallar"]
[Black "Sagar, Siya"]
[Result "1-0"]
[WhiteElo "1375"]
[BlackElo "1524"]
[PlyCount "117"]
[EventDate "2023.09.08"]
[EventType "swiss (rapid)"]
[EventRounds "9"]
[EventCountry "IND"]
[SourceTitle "EXT 2024"]
[Source "ChessBase"]
[SourceDate "2023.10.10"]
[SourceVersion "1"]
[SourceVersionDate "2023.10.10"]
[SourceQuality "1"]

1. d4 Nf6 2. Bf4 g6 3. Nf3 Bg7 4. c3 d6 5. Nbd2 c5 6. dxc5 dxc5 7. e4 Nc6 8. Be2 b6 9. Qa4 Bd7 10. Bb5 Na5 11. Ne5 Bxb5 12. Qxb5+ Nd7 13. b4 Nb7 14. Ndc4 a6 15. Qc6 Qc8 16. Qxd7+ Qxd7 17. Nxd7 Kxd7 18. Nxb6+ Kc6 19. Nxa8 Bxc3+ 20. Ke2 Bxa1 21. Rxa1 Rxa8 22. Rc1 Kb5 23. bxc5 Nxc5 24. f3 Rd8 25. Be3 Ne6 26. Rb1+ Kc4 27. Rb7 Re8 28. a4 Nd4+ 29. Bxd4 Kxd4 30. Ra7 Rb8 31. Kf2 Rb6 32. a5 Re6 33. Rb7 h5 34. Rb6 Kc5 35. Rb8 Rd6 36. Ke3 Rd7 37. Rb6 Rd6 38. Rb7 Re6 39. f4 f6 40. g3 g5 41. f5 Re5 42. Rb6 h4 43. Rxa6 Kb5 44. Ra7 Kb4 45. a6 Ka5 46. Ra8 Kb6 47. Rd8 Kxa6 48. Rd5 Rxd5 49. exd5 hxg3 50. hxg3 Kb6 51. Kd4 Kb5 52. d6 exd6 53. Kd5 Kb4 54. Kxd6 Kc4 55. Ke6 Kd4 56. Kxf6 g4 57. Kg5 Ke5 58. f6 Ke6 59. Kg6 1-0

[Event "Asia-ch Rapid U20 Girls"]
[Site "Jamshedpur"]
[Date "2023.09.08"]
[Round "1"]
[White "Wadifa, Ahmed"]
[Black "Arya, G Mallar"]
[Result "1-0"]
[WhiteElo "1820"]
[BlackElo "1375"]
[PlyCount "61"]
[EventDate "2023.09.08"]
[EventType "swiss (rapid)"]
[EventRounds "9"]
[EventCountry "IND"]
[SourceTitle "EXT 2024"]
[Source "ChessBase"]
[SourceDate "2023.10.10"]
[SourceVersion "1"]
[SourceVersionDate "2023.10.10"]
[SourceQuality "1"]

1. e4 e6 2. d4 d5 3. Nc3 Nf6 4. e5 Nfd7 5. f4 c5 6. Nf3 Nc6 7. Be3 Qb6 8. Qd2 Qxb2 9. Rb1 Qa3 10. Be2 Be7 11. 0-0 Qa5 12. f5 cxd4 13. Nxd4 Ndxe5 14. fxe6 fxe6 15. Nxc6 bxc6 16. Bd4 Bf6 17. Qf4 Ng6 18. Bh5 0-0 19. Bxg6 hxg6 20. Kh1 Ba6 21. Rf3 Bxd4 22. Qxd4 Rxf3 23. gxf3 Rf8 24. Qg4 Bc8 25. Ne2 e5 26. Qxg6 Qxa2 27. Rg1 Rf7 28. Qxc6 Qc4 29. Qe8+ Kh7 30. Qxf7 Qf4 31. Qxg7# 1-0

[Event "IND-ch (Women) 49th"]
[Site "Ahmedabad"]
[Date "2023.06.30"]
[Round "1"]
[White "Soumya, Swaminathan"]
[Black "Arya, G Mallar"]
[Result "1-0"]
[WhiteElo "2273"]
[BlackElo "1407"]
[PlyCount "89"]
[EventDate "2023.06.30"]
[EventType "swiss"]
[EventRounds "11"]
[EventCountry "IND"]
[SourceTitle "CBM 215 Extra"]
[Source "ChessBase"]
[SourceDate "2023.09.30"]
[SourceVersion "1"]
[SourceVersionDate "2023.09.30"]
[SourceQuality "1"]

1. e4 e6 2. d4 d5 3. Nc3 Nf6 4. e5 Nfd7 5. f4 c5 6. Nf3 Nc6 7. Be3 Qb6 8. a3 cxd4 9. Nxd4 Bc5 10. Ncb5 a6 11. b4 axb5 12. bxc5 Qxc5 13. Qd3 Qe7 14. Nxb5 0-0 15. Be2 f6 16. exf6 Nxf6 17. 0-0 Bd7 18. Bb6 Ra4 19. g3 Ne4 20. Qb3 Rfa8 21. Rfd1 Qf8 22. c4 Nf6 23. f5 Kh8 24. fxe6 Bxe6 25. cxd5 Bxd5 26. Rxd5 Nxd5 27. Qxd5 Qe7 28. Nd6 Rf8 29. Rf1 Rxf1+ 30. Bxf1 Ne5 31. Qxe5 Qxe5 32. Nf7+ Kg8 33. Nxe5 Rxa3 34. Bc4+ Kh8 35. Kf2 Rc3 36. h4 h6 37. g4 Rh3 38. Nf3 g5 39. hxg5 Rh1 40. Bd4+ Kh7 41. Bd3+ Kg8 42. g6 Rc1 43. Be4 Rc7 44. Bd5+ Kf8 45. g7+ 1-0

[Event "IND-chT (Women)"]
[Site "Pollachi"]
[Date "2023.02.10"]
[Round "1.2"]
[White "Divya, Deshmukh"]
[Black "Arya, G Mallar"]
[Result "1-0"]
[WhiteElo "2363"]
[BlackElo "1403"]
[PlyCount "85"]
[EventDate "2023.02.10"]
[EventType "team-swiss"]
[EventRounds "7"]
[EventCountry "IND"]
[SourceTitle "CBM 212 Extra"]
[Source "ChessBase"]
[SourceDate "2023.03.31"]
[SourceVersion "1"]
[SourceVersionDate "2023.03.31"]
[SourceQuality "1"]
[WhiteTeam "AAI (W)"]
[BlackTeam "Kerala (W)"]
[WhiteTeamCountry "IND"]
[BlackTeamCountry "IND"]

1. e4 d5 2. exd5 Nf6 3. d4 Bg4 4. Be2 Bxe2 5. Nxe2 Qxd5 6. 0-0 Nc6 7. Na3 0-0-0 8. c4 Qh5 9. Nc2 g5 10. Be3 e6 11. Nc3 Qg6 12. Qe2 h5 13. Rad1 Bd6 14. c5 Bf8 15. b4 Nd5 16. Nxd5 Rxd5 17. b5 Ne7 18. Nb4 Rd8 19. b6 axb6 20. cxb6 c6 21. a4 Nd5 22. Nxd5 Rxd5 23. Bd2 Bg7 24. a5 Bxd4 25. a6 Bxb6 26. Rb1 Kc7 27. Be3 c5 28. Rxb6 Kxb6 29. Qb2+ Kc7 30. Qxh8 bxa6 31. Qa8 Qf5 32. Qxa6 Kd7 33. Qb7+ Ke8 34. Qc8+ Ke7 35. Rc1 Kf6 36. Bxc5 Qd3 37. h3 Qd2 38. Be3 Qe2 39. Qh8+ Kg6 40. Qg8+ Kf6 41. Bd4+ Ke7 42. Rc7+ Kd6 43. Qd8# 1-0